ZKM Gdynia - 133 - Statystyki

Ogólne statystyki
  • Ten quiz został rozwiązany 14 razy
  • Średni wynik to 24 z 35
Statystyki odpowiedzi
Przystanek Ulica % Poprawnych
Cylkowskiego Cylkowskiego
88%
Cylkowskiego Cylkowskiego
88%
Płyta Redłowska Powstania Śląskiego
88%
Armii Krajowej Władysława IV
75%
Dworzec Morski - Muzeum Emigracji Polska
75%
Gdynia Dworzec Gł. PKP - Hala Wójta Radtkego
75%
Harcerska Aleja Zwycięstwa
75%
Kilińskiego Władysława IV
75%
Kopernika - Kościół Kopernika
75%
Piłsudskiego Piłsudskiego
75%
Starowiejska 3 Maja
75%
Węzeł Ofiar Grudnia '70 Polska
75%
Wzgórze Św. Maksymiliana - Kapliczka Aleja Zwycięstwa
75%
Wzgórze Św. Maksymiliana SKM Władysława IV
75%
Wzgórze Św. Maksymiliana Syrokomli Legionów
75%
Armii Krajowej Władysława IV
63%
Celna Polska
63%
Centrum Nauki Experyment Redłowska
63%
Chrzanowskiego Polska
63%
Chrzanowskiego Polska
63%
Dworzec Morski - Muzeum Emigracji Polska
63%
Dworzec Morski - Muzeum Emigracji Polska
63%
Gdynia Dworzec Gł. PKP - Hala Jana Z Kolna
63%
I Urząd Skarbowy Władysława IV
63%
Kilińskiego Władysława IV
63%
Publiczny Terminal Promowy Polska
63%
Szkoła Morska Polska
63%
Szkoła Morska Polska
63%
Węzeł Ofiar Grudnia '70 Polska
63%
Wzgórze Św. Maksymiliana SKM Władysława IV
63%
Celna Polska
50%
Korczaka Redłowska
50%
Rotterdamska Polska
50%
Rotterdamska Polska
50%
Szczeblewskiego Kopernika
50%
Nie znaleziono quizów pasujących do podanych kryteriów
Rozkład punktacji
Procent ludzi z każdym wynikiem
Percentyl według liczby udzielonych odpowiedzi
Twoja historia wyników
Nie rozwiązałeś tego quizu